000 00699nam a2200181 i 4500
001 128400
003 ES-MaACL
005 20230906193251.0
007 t|
008 070510q1962 sp ||||1| spa d
245 0 0 _aTablas de salarios vigentes de las reglamentaciones de trabajo :
_bcon referencia cronológica de las disposiciones que las complementan y esquemas de su contenido /
_cJosé Antonio Merino Muñoz, Daniel Benavides Llorente.
260 _aValladolid :
_bSever-Cuesta,
_c[1962]
300 _a2 v. ;
_c17 cm.
650 4 _aSalarios-
_zEspaña.
_916968
700 1 _aMerino Muñoz, José Juan.
_980546
700 1 _aBenavides Llorente, Daniel.
_927459
852 4 _aES-MaACL
_jC-8543-44
999 _c128400
_d128400